| 000 -LEADER |
| fixed length control field |
01010cam a2200289 i 4500 |
| 003 - CONTROL NUMBER IDENTIFIER |
| control field |
OSt |
| 005 - DATE AND TIME OF LATEST TRANSACTION |
| control field |
20240117135002.0 |
| 008 - FIXED-LENGTH DATA ELEMENTS--GENERAL INFORMATION |
| fixed length control field |
160122s2016 sz ae c 000 0deng d |
| 010 ## - LIBRARY OF CONGRESS CONTROL NUMBER |
| LC control number |
2016370415 |
| 020 ## - INTERNATIONAL STANDARD BOOK NUMBER |
| International Standard Book Number |
9783037784723 |
| Qualifying information |
(cl.) |
| 020 ## - INTERNATIONAL STANDARD BOOK NUMBER |
| International Standard Book Number |
3037784725 |
| Qualifying information |
(cl.) |
| 082 04 - DEWEY DECIMAL CLASSIFICATION NUMBER |
| Classification number |
720.92 |
| Edition number |
23 |
| Item number |
NOR |
| 100 1# - MAIN ENTRY--PERSONAL NAME |
| Personal name |
Nordenson, Guy, |
| Relator term |
author. |
| 240 10 - UNIFORM TITLE |
| Uniform title |
<a href="Works.">Works.</a> |
| Form subheading |
Selections |
| 245 10 - TITLE STATEMENT |
| Title |
Guy Nordenson : |
| Remainder of title |
reading structures : 39 projects and built works, 1983-2011. |
| 260 ## - PUBLICATION, DISTRIBUTION, ETC. (IMPRINT) |
| Place of publication, distribution, etc |
Zurich : |
| Name of publisher, distributor, etc |
Lars Müller Publishers, |
| Date of publication, distribution, etc |
©2016. |
| 300 ## - PHYSICAL DESCRIPTION |
| Extent |
375 pages : |
| Other physical details |
illustrations (chiefly color), plans ; |
| Dimensions |
25 x 31 cm |
| 600 10 - SUBJECT ADDED ENTRY--PERSONAL NAME |
| Personal name |
Nordenson, Guy, |
| Form subdivision |
Catalogs. |
| 600 17 - SUBJECT ADDED ENTRY--PERSONAL NAME |
| Personal name |
Nordenson, Guy, |
| Dates associated with a name |
1955- |
| Source of heading or term |
gnd |
| 650 #0 - SUBJECT ADDED ENTRY--TOPICAL TERM |
| Topical term or geographic name as entry element |
Architecture, Modern |
| Chronological subdivision |
20th century |
| Form subdivision |
Catalogs. |
| 650 #0 - SUBJECT ADDED ENTRY--TOPICAL TERM |
| Topical term or geographic name as entry element |
Architecture, Modern |
| Chronological subdivision |
21st century |
| Form subdivision |
Catalogs. |
| 650 #0 - SUBJECT ADDED ENTRY--TOPICAL TERM |
| Topical term or geographic name as entry element |
Structural design |
| Chronological subdivision |
20th century |
| Form subdivision |
Catalogs. |
| 650 #0 - SUBJECT ADDED ENTRY--TOPICAL TERM |
| Topical term or geographic name as entry element |
Structural design |
| Chronological subdivision |
21st century |
| Form subdivision |
Catalogs. |
| 650 #7 - SUBJECT ADDED ENTRY--TOPICAL TERM |
| Topical term or geographic name as entry element |
Struktur. |
| Source of heading or term |
gnd |
| 650 #7 - SUBJECT ADDED ENTRY--TOPICAL TERM |
| Topical term or geographic name as entry element |
Ingenieurbau. |
| Source of heading or term |
gnd |
| 942 ## - ADDED ENTRY ELEMENTS (KOHA) |
| Source of classification or shelving scheme |
|